000 06757nam a22005531 4500
005 20050808122104.0
008 721219s1962 nyu 000 0 eng
010 _aB-269315-342
020 _a9788123750712
_c95.00
035 _aB-269315-342
040 _adpl
_bEnglish
082 _a133.7
100 _aDunham, Barrows,
245 _aMan against myth /
_cby Barrows Dunham
260 _aNew Delhi
_bNational Book Trust
_c2007
300 _axlvi, 298 p.
_c21 cm (pbk)
942 _2ddc
_cEN
_h133.7
_mDUN
999 _c20354
_d20354